| 000 | 00594nam a22001697a 4500 | ||
|---|---|---|---|
| 005 | 20251108164104.0 | ||
| 008 | 250721s1986 xx 000 0 ara d | ||
| 082 | 1 | 4 | _a347.94/مصط |
| 100 | 1 | _aهرجه، مصطفى مجدي | |
| 245 | 1 | 0 | _aقانون الإثبات في المواد المدنية و التجارية في ضوء أحدث الآراء و أحكام النقض و الصيغ القانونية / |
| 264 | 1 |
_aالقاهرة : _bدار الثقافه، _c1986. |
|
| 300 | _a377ص | ||
| 650 | 1 | 7 | _aالمحاكم |
| 650 | 1 | 7 | _aالدليل |
| 942 |
_2ddc _cBK |
||
| 999 |
_c3322 _d3322 |
||